[Event "Golubitskaya op"]
[Site "Golubitskaya"]
[Date "2012.06.26"]
[Round "1"]
[White "Kuznetsov, Anatoly"]
[Black "Markarov, Vladimir"]
[Result "1/2-1/2"]
[WhiteElo "1989"]
[BlackElo "1701"]
[PlyCount "112"]
[EventDate "2012.06.26"]
[EventType "swiss"]
[EventRounds "9"]
[EventCountry "RUS"]
[SourceTitle "EXT 2014"]
[Source "ChessBase"]
[SourceDate "2013.11.20"]
[SourceVersion "1"]
[SourceVersionDate "2013.11.20"]
[SourceQuality "1"]

1. e4 c6 2. d4 d5 3. Nc3 dxe4 4. Nxe4 Bf5 5. Ng3 Bg6 6. Nf3 Nd7 7. Nh4 e6 8. Nxg6 hxg6 9. Be2 Bd6 10. Be3 Ngf6 11. c4 Bb4+ 12. Bd2 Qa5 13. a3 Bxd2+ 14. Qxd2 Qxd2+ 15. Kxd2 Rd8 16. Rad1 Nc5 17. Ke3 Na4 18. h3 Ke7 19. Ne4 Nb6 20. Nc5 Rb8 21. b4 Rhd8 22. a4 Nfd7 23. a5 Nxc5 24. axb6 Na6 25. bxa7 Ra8 26. b5 cxb5 27. cxb5 Nb4 28. b6 Nd5+ 29. Kf3 Nxb6 30. Rb1 Rd6 31. Rb2 Rxa7 32. Rhb1 Nd7 33. Rxb7 Rxb7 34. Rxb7 Rxd4 35. Bb5 Kd8 36. Bxd7 Rxd7 37. Rb3 Ke7 38. g4 g5 39. Kg3 g6 40. Rb5 f5 41. Rb3 Kf6 42. Rb6 Rd3+ 43. Kg2 Rd4 44. Kg3 f4+ 45. Kg2 Rd3 46. Ra6 Ke5 47. Ra5+ Rd5 48. Ra6 Rd3 49. Ra5+ Kf6 50. Ra6 Rd5 51. Rb6 Re5 52. Kf3 Re1 53. Rc6 Rd1 54. Ra6 Ke5 55. Ra5+ Rd5 56. Ra1 Kf6 1/2-1/2

[Event "Golubitskaya Rating"]
[Site "Golubitskaya"]
[Date "2008.07.11"]
[Round "?"]
[White "Kuznetsov, Anatoly"]
[Black "Sverkunov, Oleg"]
[Result "0-1"]
[WhiteElo "2054"]
[BlackElo "1962"]
[PlyCount "58"]
[EventDate "2008.07.05"]
[EventType "tourn"]
[EventRounds "11"]
[EventCountry "RUS"]
[SourceTitle "EXT 2022"]
[Source "ChessBase"]
[SourceDate "2021.10.06"]
[SourceVersion "1"]
[SourceVersionDate "2021.10.06"]
[SourceQuality "1"]

1. e4 d6 2. d4 g6 3. Nf3 Bg7 4. Be3 Nf6 5. Nc3 Ng4 6. Bd2 e5 7. d5 f5 8. h3 Nf6 9. Bg5 h6 10. Bxf6 Qxf6 11. Bd3 a5 12. Qe2 c6 13. 0-0-0 0-0 14. dxc6 bxc6 15. Bc4+ Kh8 16. exf5 gxf5 17. Qd2 d5 18. Be2 a4 19. a3 Be6 20. Nb1 Nd7 21. Qc3 c5 22. Bb5 d4 23. Qe1 Nb6 24. c3 Ba2 25. Nfd2 Rfb8 26. g4 Nd5 27. Bc4 Bxc4 28. Nxc4 Nf4 29. Qd2 Qc6 0-1

[Event "Golubitskaya Rating"]
[Site "Golubitskaya"]
[Date "2008.07.08"]
[Round "?"]
[White "Pudovkin, Dmitry"]
[Black "Kuznetsov, Anatoly"]
[Result "1-0"]
[WhiteElo "2317"]
[BlackElo "2054"]
[PlyCount "61"]
[EventDate "2008.07.05"]
[EventType "tourn"]
[EventRounds "11"]
[EventCountry "RUS"]
[SourceTitle "EXT 2022"]
[Source "ChessBase"]
[SourceDate "2021.10.06"]
[SourceVersion "1"]
[SourceVersionDate "2021.10.06"]
[SourceQuality "1"]

1. d4 d5 2. Nf3 Nf6 3. c4 c6 4. Nc3 dxc4 5. e4 b5 6. a3 e6 7. Bg5 h6 8. Bh4 g5 9. Bg3 Bg7 10. Be2 0-0 11. h4 g4 12. Ne5 h5 13. f3 Nbd7 14. fxg4 hxg4 15. Nxg4 Nxg4 16. Bxg4 Nf6 17. Be5 a5 18. Qf3 Bb7 19. 0-0 Nh7 20. Bxg7 Kxg7 21. e5 Rb8 22. Ne4 c5 23. Bh5 Bxe4 24. Qxe4 f5 25. exf6+ Nxf6 26. Qg6+ Kh8 27. Qh6+ Nh7 28. Bg6 Rxf1+ 29. Rxf1 Rb7 30. Bxh7 Rxh7 31. Rf8+ 1-0